000 00888nam a2200241 a 4500
001 44488
003 BD-RjUL
005 20211209053852.0
008 160718s1978 ii a|||| |||| 00| 0 ben d
020 _c: IRs. 20.00
035 _a(BD-RjUL)44606
040 _aBD-RjUL
_bben
_cBD-RjUL
041 _aben
082 _223
_a891.4409
_bTHP 1978
100 _aঠাকুর, কিশলয়
_9136540
245 1 0 _aপথের কবি /
_cকিশলয় ঠাকুর
250 _a১ম সং.
260 _aকলিকাতা :
_bআনন্দ পাবলিশার্স,
_c১৯৭৮
300 _a[৮], ২৯১ পৃ. :
_bচিত্র ;
_c২২ সেমি.
650 _aবাংলা সাহিত্য
_xইতিহাস ও সমালোচনা
_9136541
650 _aBengali Literature
_xHistory and Criticism
_9117020
942 _2ddc
_cBK
999 _c44488
_d44488